Introduction To Statistical Theory / (Record no. 35421)
[ view plain ]
| 000 -LEADER | |
|---|---|
| fixed length control field | 00594nam a22002057a 4500 |
| 001 - CONTROL NUMBER | |
| control field | 35421 |
| 003 - CONTROL NUMBER IDENTIFIER | |
| rucl marc code | BD-RjUL |
| 005 - DATE AND TIME OF LATEST TRANSACTION | |
| control field | 20211209052322.0 |
| 008 - FIXED-LENGTH DATA ELEMENTS--GENERAL INFORMATION | |
| fixed length control field | 140524s1969 ii a|||| |||| 00| 0 eng d |
| 035 ## - SYSTEM CONTROL NUMBER | |
| System control number | (BD-RjUL)35515 |
| 040 ## - CATALOGING SOURCE | |
| Original cataloging agency | BD-RjUL |
| Language of cataloging | eng |
| Transcribing agency | BD-RjUL |
| 041 ## - LANGUAGE CODE | |
| Language code of text/sound track or separate title | eng |
| 082 ## - DEWEY DECIMAL CLASSIFICATION NUMBER | |
| Classification number | 519 |
| Author mark and year | CHI Pt. II 1969 |
| 100 1# - MAIN ENTRY--PERSONAL NAME | |
| Personal name | Chaudhary, Sher Muhammad |
| 9 (RLIN) | 107856 |
| 245 1# - TITLE STATEMENT | |
| Title | Introduction To Statistical Theory / |
| Statement of responsibility, etc. | Sher Muhammad Chaudhary |
| Number of part/section of a work | Part II |
| 260 ## - PUBLICATION, DISTRIBUTION, ETC. (IMPRINT) | |
| Place of publication, distribution, etc. | Lahore : |
| Name of publisher, distributor, etc. | Ilmi Kitab Khana, |
| Date of publication, distribution, etc. | 1969. |
| 300 ## - PHYSICAL DESCRIPTION | |
| Pagination | xii, 343 p. : |
| Illustrations | ill. ; |
| Size | 22 cm. |
| 650 ## - SUBJECT ADDED ENTRY--TOPICAL TERM | |
| Topical term or geographic name as entry element | Statistics |
| 9 (RLIN) | 107857 |
| 942 ## - ADDED ENTRY ELEMENTS (KOHA) | |
| Source of classification or shelving scheme | Dewey Decimal Classification |
| Koha item type | Books |
| Lost status | Source of classification or shelving scheme | Damaged status | Not for loan | Collection code | Permanent Location | Current Location | Shelving location | Date acquired | Source of acquisition | Total Checkouts | Full call number | Date last seen | Copy number | Koha item type |
|---|---|---|---|---|---|---|---|---|---|---|---|---|---|---|
| Dewey Decimal Classification | Not For Loan | Non-fiction | Central Library, University of Rajshahi | Central Library, University of Rajshahi | Reading Room | 22/07/1971 | U.S.I.S Gift | 519 CHI Pt. II 1969 | 24/05/2014 | C-1 | Books |